000 00583nam a2200181Ia 4500
005 20250508152643.0
008 008 250505s9999 xx 000 0 eng d
037 _aTextual
040 _aFEDL
_beng
_cFEDL
041 _aeng
_2eng
084 _a370.196, SRI
_qFEDL
100 _aSrivastava B. D.
_9762068
245 0 _aReport of a seminar on International understanding and education (7th July to 13th July, 1959)
260 _aUdaipur, India
_bDepartment of Extension Services
300 _avi,120p
942 _cTEXL
_h370.196, SRI
999 _c1337830
_d1337830